Film che hanno vinto più Oscar - Statistics

Statistiche generali
  • Questo quiz è stato fatto 42 volte
  • Il punteggio medio è 3 su 15
Statistiche sulle risposte
Premi Oscar Anno di uscita del film FIlm % Corretto
11 1997 Titanic
97%
8 1939 Via col vento
56%
11 1959 Ben-Hur
53%
11 2003 Il Signore degli Anelli - Il ritorno del re
53%
9 1987 L'ultimo imperatore
17%
8 1996 Il paziente inglese
14%
8 2008 The Millionaire
14%
10 1961 West Side Story
11%
9 1958 Gigi
8%
8 1954 Fronte del porto
6%
8 1982 Gandhi
6%
8 1964 My Fair Lady
6%
8 1984 Amadeus
3%
8 1972 Cabaret
3%
8 1953 Da qui all'eternità
3%
Nessun quiz corrispondente trovato
Distribuzione punteggi
Percentuale di utenti per punteggio
Percentile per numero di risposta
I tuoi punteggi nel tempo
Non hai fatto questo quiz